| 000 | 00435nam a22001817a 4500 | ||
|---|---|---|---|
| 005 | 20240406102904.0 | ||
| 008 | 240406b |||||||| |||| 00| 0 eng d | ||
| 020 | _a9788188885442 | ||
| 041 | _aMarathi | ||
| 082 |
_a891.46 _bDAT |
||
| 100 |
_aDatar Aarti _9206199 |
||
| 245 | _aShunyatun Suryakade | ||
| 260 |
_aPune _bVihang Prakashan _c2014 |
||
| 300 | _a176 | ||
| 365 |
_b150.00 _cRs.00 |
||
| 650 | _aNon Fiction | ||
| 942 | _cDB | ||
| 999 |
_c357688 _d357688 |
||